[Event "17. OIBM Bad Wiessee"]
[Site "Bad Wiessee"]
[Date "2013.10.29"]
[Round "5.30"]
[White "Faibisovich, Vadim"]
[Black "Jicman, Ligia Letitia"]
[Result "1-0"]
[WhiteElo "2344"]
[BlackElo "2173"]
[PlyCount "67"]
[EventDate "2013.??.??"]
[BlackTeam "CSM.Lugoj/Romania"]

1. e4 c5 2. Nf3 g6 3. Nc3 Bg7 4. d4 cxd4 5. Nxd4 Nc6 6. Nb3 Nf6 7. Be2 O-O 8.
O-O d6 9. Bg5 Be6 10. f4 Rc8 11. Bf3 b5 12. Nd5 Nd7 13. c3 Re8 14. Qe2 a6 15.
Rad1 Nb6 16. Kh1 Nc4 17. e5 Bxd5 18. Bxd5 Nb6 19. Bxc6 Rxc6 20. Nd4 Rc4 21.
exd6 Bxd4 22. dxe7 Qd7 23. cxd4 Nd5 24. f5 f6 25. fxg6 Rxe7 26. gxh7+ Kh8 27.
Qd3 Qd6 28. Rxf6 Qxf6 29. Bxf6+ Nxf6 30. Qf5 Nxh7 31. d5 Rce4 32. h3 R7e5 33.
Qc8+ Kg7 34. d6 1-0

[Event "17. OIBM Bad Wiessee"]
[Site "Bad Wiessee"]
[Date "2013.10.29"]
[Round "5.31"]
[White "Singer, Christoph"]
[Black "Schötzig, Detlef"]
[Result "1-0"]
[WhiteElo "2343"]
[BlackElo "2165"]
[PlyCount "51"]
[EventDate "2013.??.??"]
[WhiteTeam "FC Bayern München e.V."]
[BlackTeam "SAbt SV Werder Bremen"]

1. e4 d5 2. exd5 Nf6 3. Nf3 Nxd5 4. d4 Bg4 5. Be2 e6 6. h3 Bh5 7. O-O Be7 8. c4
Nb6 9. Nc3 Nc6 10. b3 O-O 11. Be3 Qd7 12. Qd2 Rad8 13. Rad1 Qc8 14. Ne5 Nxe5
15. Bxh5 c5 16. Qe2 Ng6 17. Bf3 cxd4 18. Bxd4 Nh4 19. Nb5 Nxf3+ 20. Qxf3 Qb8
21. Qe3 Bf6 22. Bxf6 gxf6 23. Nd6 Kh8 24. Qf4 Nd5 25. Rxd5 exd5 26. Qxf6+ 1-0

[Event "17. OIBM Bad Wiessee"]
[Site "Bad Wiessee"]
[Date "2013.10.29"]
[Round "5.32"]
[White "Smits, Mark"]
[Black "Rosen, Bernd"]
[Result "1/2-1/2"]
[WhiteElo "2163"]
[BlackElo "2341"]
[PlyCount "168"]
[EventDate "2013.??.??"]
[WhiteTeam "Paul Keres"]
[BlackTeam "SF Katernberg 1913 e.V"]

1. e4 e6 2. d4 d5 3. Nc3 Nf6 4. Bg5 dxe4 5. Nxe4 Be7 6. Bxf6 gxf6 7. Qd2 f5 8.
Nc3 a6 9. g3 Bf6 10. O-O-O Bd7 11. Bg2 Ra7 12. Qe3 b6 13. d5 O-O 14. Nf3 e5 15.
Rhe1 Re8 16. h4 a5 17. d6 c6 18. Nd2 Be6 19. Kb1 Rd7 20. g4 fxg4 21. Nde4 Bg7
22. Qd3 Bf5 23. Qc4 Qxh4 24. Rh1 Qd8 25. Ng3 Bg6 26. Bxc6 Nxc6 27. Qxc6 Re6 28.
Nb5 Bf8 29. Ne4 h6 30. Rdg1 f5 31. Ng3 Rdxd6 32. Nxd6 Rxd6 33. Qc4+ Kh7 34.
Nxf5 Rf6 35. Qxg4 Qc8 36. Ne3 Qxg4 37. Nxg4 Rf5 38. Rd1 h5 39. Rh2 Bc5 40. Kc1
Kg7 41. Rd7+ Kf8 42. Ne3 Rg5 43. Kd2 Be8 44. Rb7 Bc6 45. Rc7 Bf3 46. Rh3 e4 47.
Rh4 Ke8 48. Rh7 Bd6 49. Rb7 Rg6 50. c3 Bc5 51. Rh7 Rg5 52. Nc4 Be7 53. Rf4 Rd5+
54. Kc2 Bg5 55. Rf5 e3 56. Rxd5 Be4+ 57. Kd1 Bxd5 58. Nxe3 Bf3+ 59. Kd2 h4 60.
c4 Kf8 61. Kd3 Kg8 62. Rd7 h3 63. Nf1 Bf4 64. Rd4 h2 65. Nxh2 Bxh2 66. Rh4 Bd6
67. Rh6 Bc5 68. Rh3 Bc6 69. f4 Kg7 70. Rh5 Kg6 71. Rg5+ Kf6 72. Rh5 Be8 73. Re5
Bg6+ 74. Kc3 Bd6 75. Rb5 Bc5 76. b4 axb4+ 77. Rxb4 Kf5 78. Rb1 Kxf4 79. Rd1 Be4
80. Rd8 Ke3 81. Rc8 Bd4+ 82. Kb3 Bf5 83. Rc7 Be5 84. c5 bxc5 1/2-1/2

[Event "17. OIBM Bad Wiessee"]
[Site "Bad Wiessee"]
[Date "2013.10.29"]
[Round "5.33"]
[White "Klundt, Klaus"]
[Black "Xiong, Ferdinand"]
[Result "1-0"]
[WhiteElo "2340"]
[BlackElo "2102"]
[PlyCount "61"]
[EventDate "2013.??.??"]
[WhiteTeam "SC Heusenstamm"]
[BlackTeam "SC Vaterstetten"]

1. e4 c5 2. Nc3 g6 3. Nf3 Bg7 4. d4 cxd4 5. Nxd4 Nc6 6. Be3 Nf6 7. Bc4 d6 8. h3
O-O 9. Bb3 Na5 10. O-O b6 11. f4 Bb7 12. Qd3 Nd7 13. Qe2 Nc5 14. Bf2 e5 15.
fxe5 dxe5 16. Ndb5 Naxb3 17. axb3 f5 18. Rad1 Qg5 19. Bxc5 bxc5 20. Nd6 Qe7 21.
exf5 gxf5 22. Nxf5 Qg5 23. Ne4 Bxe4 24. Qxe4 Rad8 25. Rxd8 Rxd8 26. h4 Qf6 27.
Nxg7 Qxg7 28. Rf5 Qh6 29. Rg5+ Kf7 30. Qf5+ Qf6 31. Qxh7+ 1-0

[Event "17. OIBM Bad Wiessee"]
[Site "Bad Wiessee"]
[Date "2013.10.29"]
[Round "5.34"]
[White "Martin Fernandez, Rodrigo"]
[Black "Tan, Justin"]
[Result "1-0"]
[WhiteElo "2155"]
[BlackElo "2333"]
[PlyCount "97"]
[EventDate "2013.??.??"]
[WhiteTeam "SC Erlangen 48/88 e.V."]

1. d4 Nf6 2. c4 e6 3. Nc3 Bb4 4. Qc2 O-O 5. a3 Bxc3+ 6. Qxc3 b6 7. Bg5 Bb7 8.
e3 d6 9. Nf3 Nbd7 10. Be2 Qe8 11. Bh4 Ne4 12. Qc2 a5 13. O-O a4 14. Nd2 f5 15.
f3 Qh5 16. Be1 Nxd2 17. Qxd2 Rf6 18. Bg3 Rg6 19. Rae1 Qg5 20. Bd1 Ra5 21. Qf2
Qf6 22. Be2 Rh6 23. Bd3 e5 24. f4 e4 25. Be2 Qf7 26. Rc1 Ra8 27. Rfd1 Ba6 28.
Bh4 c5 29. d5 Nf6 30. h3 Bb7 31. g4 fxg4 32. hxg4 Rg6 33. f5 Rxg4+ 34. Bxg4
Nxg4 35. Qf4 Ne5 36. Qxe4 Qh5 37. Rf1 Re8 38. Rf4 Bc8 39. Rcf1 Re7 40. Qg2 Bxf5
41. Bf6 Bg6 42. Rh4 Nxc4 43. Rxh5 Nxe3 44. Qg3 Nxf1 45. Kxf1 gxf6 46. Rh2 Re5
47. Qh3 f5 48. Re2 Rxd5 49. Qh4 1-0

[Event "17. OIBM Bad Wiessee"]
[Site "Bad Wiessee"]
[Date "2013.10.29"]
[Round "5.35"]
[White "Kaeding, Rainer"]
[Black "Eichhorn, Andreas"]
[Result "0-1"]
[WhiteElo "2151"]
[BlackElo "2331"]
[PlyCount "150"]
[EventDate "2013.??.??"]
[WhiteTeam "SV Castrop-Rauxel 1923"]
[BlackTeam "Kölner SK Dr. Lasker 186"]

1. d4 Nf6 2. Nf3 g6 3. c4 Bg7 4. b4 O-O 5. Bb2 d6 6. e3 e5 7. dxe5 Ng4 8. Be2
Nc6 9. Qb3 Ngxe5 10. Nbd2 Be6 11. Nd4 Nxd4 12. exd4 Nc6 13. d5 Nd4 14. Bxd4
Bxd4 15. Rd1 Bd7 16. Nf3 Bg7 17. O-O Re8 18. Rfe1 Qf6 19. Bf1 Qc3 20. Rxe8+
Rxe8 21. Qxc3 Bxc3 22. b5 h6 23. Rd3 Bb4 24. Re3 Kf8 25. Rxe8+ Kxe8 26. Bd3 Bc3
27. Kf1 c6 28. bxc6 bxc6 29. Ke2 Kd8 30. Ke3 cxd5 31. cxd5 Kc7 32. Nd4 Kb6 33.
Nc6 Bf6 34. Be4 a6 35. h3 Bc8 36. g4 Kc5 37. f4 Bb2 38. f5 gxf5 39. gxf5 Bf6
40. Kd3 Kb6 41. Ke3 a5 42. a4 h5 43. Bd3 Bd7 44. Ke4 h4 45. Be2 Bc3 46. Bh5 f6
47. Be2 Kc5 48. Bf3 Be8 49. Kd3 Bb4 50. Ke4 Bf7 51. Ne7 Be1 52. Kf4 Be8 53. Nc6
Kc4 54. Ke4 Kb3 55. Bd1+ Ka3 56. Kd4 Bd7 57. Bc2 Kb2 58. Bd3 Kb3 59. Bb1 Bc3+
60. Ke3 Kxa4 61. Bc2+ Kb5 62. Ne7 Kc5 63. Ng6 Be1 64. Nf4 Bg3 65. Ne2 Be5 66.
Ke4 a4 67. Nc1 Kb4 68. Nd3+ Kc3 69. Bb1 Bb5 70. Nxe5 dxe5 71. d6 Bc6+ 72. Ke3
a3 73. Ba2 Kb2 74. Bd5 a2 75. Bxc6 a1=Q 0-1

[Event "17. OIBM Bad Wiessee"]
[Site "Bad Wiessee"]
[Date "2013.10.29"]
[Round "5.36"]
[White "van den Bersselaar, Jeroen"]
[Black "Giemsa, Stephan"]
[Result "0-1"]
[WhiteElo "2138"]
[BlackElo "2321"]
[PlyCount "122"]
[EventDate "2013.??.??"]
[BlackTeam "SK König Tegel 1949 e.V."]

1. d4 Nf6 2. c4 g6 3. Nc3 d5 4. Nf3 Bg7 5. Qb3 dxc4 6. Qxc4 O-O 7. e4 Be6 8. d5
Bc8 9. h3 c6 10. Bf4 cxd5 11. exd5 Qb6 12. Bc7 Qxb2 13. Rb1 Qa3 14. Nb5 Qa6 15.
Qb3 b6 16. Be5 Qb7 17. Nc7 Nbd7 18. Nxa8 Nxe5 19. Nxe5 Nxd5 20. Bc4 Be6 21.
Nxb6 axb6 22. Nf3 Nc3 23. O-O Bxc4 24. Qxc4 Nxb1 25. Rxb1 Bf6 26. Qb4 Rc8 27.
a4 Rc6 28. Qf4 Qa6 29. Rb5 Kg7 30. Ne5 Rd6 31. Ng4 Qc8 32. Nxf6 Rxf6 33. Qd4
Qc1+ 34. Kh2 Qf4+ 35. Qxf4 Rxf4 36. Kg3 Rxa4 37. Rxb6 g5 38. f3 h5 39. Rb2 Kf6
40. Re2 e6 41. Rb2 Kf5 42. Rb5+ e5 43. Rb2 h4+ 44. Kf2 Kf4 45. Rc2 f5 46. Rb2
e4 47. fxe4 fxe4 48. Rc2 Rb4 49. Ra2 Rc4 50. Rb2 Rd4 51. Ke2 e3 52. Rb5 g4 53.
hxg4 Rd2+ 54. Kf1 Rf2+ 55. Kg1 Kg3 56. Re5 Rxg2+ 57. Kf1 Rf2+ 58. Ke1 Kf3 59.
Rf5+ Kg2 60. Re5 Rf3 61. g5 h3 0-1

[Event "17. OIBM Bad Wiessee"]
[Site "Bad Wiessee"]
[Date "2013.10.29"]
[Round "5.37"]
[White "Zach, Andreas"]
[Black "Ott, Florian"]
[Result "1/2-1/2"]
[WhiteElo "2307"]
[BlackElo "2135"]
[PlyCount "99"]
[EventDate "2013.??.??"]
[WhiteTeam "SC Gröbenzell"]
[BlackTeam "SG Siemens Amberg"]

1. d4 Nf6 2. Bf4 d5 3. e3 c5 4. c3 Nc6 5. Nd2 cxd4 6. exd4 Bf5 7. Qb3 Qc8 8.
Ngf3 e6 9. Be2 Be7 10. O-O O-O 11. h3 Ne4 12. Nxe4 Bxe4 13. Rfc1 Na5 14. Qd1
Qd8 15. Nd2 Bg6 16. Qf1 Nc6 17. a4 f6 18. Bb5 a6 19. Bxc6 bxc6 20. Qe2 Bf7 21.
a5 c5 22. dxc5 Bxc5 23. b4 Ba7 24. c4 e5 25. Bg3 dxc4 26. Nxc4 Qd4 27. Ne3 Qxb4
28. Nf5 Kh8 29. Rab1 Qxa5 30. Rb7 Bb6 31. Bh4 Ra7 32. Rxa7 Bxa7 33. Qg4 Bg6 34.
Ne7 Qd8 35. Nxg6+ hxg6 36. Qxg6 Bd4 37. Kh2 a5 38. Rb1 Qe8 39. Qg4 Qc8 40. Qh5+
Kg8 41. f4 Qc6 42. Bg3 exf4 43. Bxf4 Qe4 44. Rf1 Rc8 45. Qg4 Rc2 46. Rb1 Be5
47. Bxe5 Qxe5+ 48. Kh1 Re2 49. Qc4+ Kh7 50. Qh4+ 1/2-1/2

[Event "17. OIBM Bad Wiessee"]
[Site "Bad Wiessee"]
[Date "2013.10.29"]
[Round "5.38"]
[White "Wiest, Leonhard"]
[Black "Hilverda, Alexander"]
[Result "0-1"]
[WhiteElo "2105"]
[BlackElo "2303"]
[PlyCount "98"]
[EventDate "2013.??.??"]
[WhiteTeam "SF Dachau 1932 e.V."]
[BlackTeam "SC Erlangen 48/88 e.V."]

1. f4 d5 2. Nf3 g6 3. e3 Bg7 4. d4 Nf6 5. Bd3 b6 6. c3 O-O 7. O-O a5 8. a4 Ba6
9. b3 Ne4 10. Bxa6 Nxa6 11. Qd3 c5 12. Ba3 Qc7 13. Rc1 Qb7 14. Nbd2 Rac8 15.
Ra2 cxd4 16. exd4 Rc7 17. Rac2 Rd8 18. Ne5 f6 19. Nef3 Nd6 20. Re1 Bh6 21. g3
f5 22. Ne5 Rdc8 23. Rec1 Bg7 24. h4 Ne4 25. Kg2 Nb8 26. Ndf3 Nd7 27. Kh2 Nf8
28. c4 Qa6 29. c5 Qxd3 30. Nxd3 Ne6 31. Nde5 Bxe5 32. fxe5 bxc5 33. dxc5 N4xc5
34. b4 axb4 35. Bxb4 Nxa4 36. Rxc7 Rxc7 37. Rxc7 Nxc7 38. Bxe7 Ne6 39. Kg2 Nb2
40. Kf1 Kf7 41. Bb4 h5 42. Ke2 Ke8 43. Ke3 Kd7 44. Bc3 Nc4+ 45. Kd3 Na3 46. Be1
Nb5 47. Bf2 Nbc7 48. Ke3 Na6 49. Be1 Nac5 {restliche Züge nicht nachvollziehbar
} 0-1

[Event "17. OIBM Bad Wiessee"]
[Site "Bad Wiessee"]
[Date "2013.10.29"]
[Round "5.39"]
[White "Bücker, Stefan"]
[Black "Vogel, Roven"]
[Result "0-1"]
[WhiteElo "2301"]
[BlackElo "2105"]
[PlyCount "100"]
[EventDate "2013.??.??"]
[WhiteTeam "SC Pforzheim 1906"]
[BlackTeam "Siebenlehner SV"]

1. Nc3 d5 2. Nf3 Nf6 3. e3 c5 4. Ne5 Nbd7 5. d4 e6 6. f4 Be7 7. Bd3 Qb6 8. a4
a6 9. a5 Qc7 10. O-O c4 11. Be2 O-O 12. Bd2 b5 13. axb6 Qxb6 14. Bf3 Bb7 15.
Qe2 Nxe5 16. fxe5 Nd7 17. b3 cxb3 18. Rfb1 b2 19. Ra2 Bc6 20. Rbxb2 Qa7 21. Qe1
Nb6 22. Be2 a5 23. Nb5 Bxb5 24. Rxb5 a4 25. Bb4 Rfb8 26. Bxe7 Qxe7 27. Qb1 Qc7
28. Qb4 g6 29. Bd3 Kg7 30. Kf2 Qa7 31. Qd6 Nc8 32. Qc6 Rxb5 33. Qxb5 a3 34. Ke2
Ne7 35. g4 Qc7 36. Qb4 Qa7 37. h4 Nc6 38. Qc3 Qa5 39. h5 Nb4 40. Ra1 Nxd3 41.
cxd3 a2 42. hxg6 hxg6 43. Kf3 Qa6 44. Qd2 Qa3 45. Qc2 Qa5 46. Kg3 Qa3 47. Qh2
Qxd3 48. Qg1 Ra3 49. Kf4 Qe4+ 50. Kg5 Rxe3 0-1

[Event "17. OIBM Bad Wiessee"]
[Site "Bad Wiessee"]
[Date "2013.10.29"]
[Round "5.40"]
[White "Cordts, Ingo"]
[Black "Ulanowski, Karol"]
[Result "1/2-1/2"]
[WhiteElo "2296"]
[BlackElo "2133"]
[PlyCount "57"]
[EventDate "2013.??.??"]
[WhiteTeam "Ford-SF Köln e.V."]

1. Nf3 Nf6 2. c4 g6 3. Nc3 Bg7 4. e4 d6 5. Be2 O-O 6. d4 Na6 7. Be3 e5 8. O-O
Ng4 9. Bg5 Qe8 10. h3 f6 11. Bh4 Nh6 12. d5 g5 13. Bg3 Qg6 14. Nh2 f5 15. Bh5
Qf6 16. f3 Nc5 17. b4 Nd7 18. exf5 Nxf5 19. Ne4 Qh6 20. Bg4 Ne3 21. Be6+ Kh8
22. Ng4 Nxg4 23. Bxg4 Qg6 24. Qc1 h6 25. Qe3 Nf6 26. Bxc8 Rfxc8 27. Rac1 a5 28.
b5 b6 29. Nxf6 1/2-1/2

[Event "17. OIBM Bad Wiessee"]
[Site "Bad Wiessee"]
[Date "2013.10.29"]
[Round "5.41"]
[White "Marentini, Marcel"]
[Black "Rausch, Stephan"]
[Result "1/2-1/2"]
[WhiteElo "2085"]
[BlackElo "2294"]
[PlyCount "128"]
[EventDate "2013.??.??"]
[WhiteTeam "SC Bodan"]
[BlackTeam "SG Leipzig"]

1. c4 e6 2. d4 d5 3. cxd5 exd5 4. Nc3 c6 5. Qc2 f5 6. Bf4 Bd6 7. Nh3 Nf6 8. e3
O-O 9. Bd3 Bxf4 10. Nxf4 Ne4 11. O-O Nd6 12. Na4 Rf6 13. h4 Nd7 14. g3 Nf8 15.
Nc5 Ne4 16. Be2 Nxc5 17. Qxc5 Ng6 18. Kg2 Nxf4+ 19. exf4 Qd6 20. Qxd6 Rxd6 21.
Bf3 Re6 22. Rfe1 Rxe1 23. Rxe1 Kf7 24. Re3 Bd7 25. Kf1 Be6 26. Ke1 Ke7 27. Kd2
Kd6 28. Be2 b6 29. b4 Rc8 30. Ra3 Rc7 31. Bd3 Bc8 32. Be2 Re7 33. Bd3 Be6 34.
Be2 h6 35. Bd3 Bc8 36. Bc2 a6 37. Re3 Be6 38. Re5 Rf7 39. Re3 Ra7 40. Ra3 c5
41. bxc5+ bxc5 42. dxc5+ Kxc5 43. Re3 Kd6 44. Rb3 Bd7 45. Rb8 Ke7 46. Rb6 a5
47. Rg6 Kf7 48. Rd6 a4 49. a3 Be6 50. Rb6 Bd7 51. Rb4 Ke7 52. Kd3 Rc7 53. Bxa4
Ra7 54. Bxd7 Rxa3+ 55. Kd4 Kxd7 56. Kxd5 Ra5+ 57. Kd4 Ke6 58. Rb6+ Kf7 59. Rd6
Ke7 60. Rd5 Ra2 61. Ke5 g6 62. Rb5 Re2+ 63. Kd5 Rd2+ 64. Ke5 Re2+ 1/2-1/2

[Event "17. OIBM Bad Wiessee"]
[Site "Bad Wiessee"]
[Date "2013.10.29"]
[Round "5.44"]
[White "Lochte, Thomas"]
[Black "Polster, Wolfgang"]
[Result "1/2-1/2"]
[WhiteElo "2078"]
[BlackElo "2280"]
[PlyCount "93"]
[EventDate "2013.??.??"]
[WhiteTeam "SK Weilheim"]
[BlackTeam "SV Koblenz 03/25"]

1. e4 e6 2. d4 d5 3. Nc3 Nf6 4. Bg5 Bb4 5. exd5 exd5 6. Qf3 Qe7+ 7. Nge2 Bxc3+
8. Qxc3 Nc6 9. O-O-O Ne4 10. Bxe7 Nxc3 11. Nxc3 Nxe7 12. Nb5 Kd8 13. Be2 Be6
14. c4 dxc4 15. d5 Bd7 16. Bxc4 Bxb5 17. Bxb5 Nf5 18. Rhe1 Nd6 19. Bf1 Re8 20.
g3 Re7 21. Bg2 Ke8 22. Rxe7+ Kxe7 23. Re1+ Kf8 24. Kd2 Re8 25. Rxe8+ Nxe8 26.
Kd3 Ke7 27. Kd4 Kd6 28. f4 f5 29. Bh3 g6 30. Bg2 Nf6 31. Bf3 a6 32. b4 h6 33.
h4 h5 34. Bg2 Ng4 35. Bf3 Nf6 36. Bg2 Nd7 37. Bf1 Nb6 38. Bg2 Na4 39. Bf1 b5
40. Bg2 Nb6 41. Bf3 Nc4 42. Be2 Nd2 43. Bd3 Nf3+ 44. Ke3 Nh2 45. Kd4 Ng4 46.
Be2 Nh2 47. Bd3 1/2-1/2

[Event "17. OIBM Bad Wiessee"]
[Site "Bad Wiessee"]
[Date "2013.10.29"]
[Round "5.45"]
[White "Schuster, Karsten"]
[Black "Günther, Thomas"]
[Result "0-1"]
[WhiteElo "2280"]
[BlackElo "2082"]
[PlyCount "120"]
[EventDate "2013.??.??"]
[WhiteTeam "SC Gröbenzell"]

1. d4 Nf6 2. c4 e6 3. Nc3 d5 4. Bg5 Nbd7 5. e3 Be7 6. Qc2 c6 7. Bd3 a6 8. Nf3
h6 9. Bh4 dxc4 10. Bxc4 b5 11. Be2 Bb7 12. Rd1 Nd5 13. Bxe7 Qxe7 14. O-O Rc8
15. Qd2 O-O 16. e4 Nxc3 17. bxc3 c5 18. Bd3 cxd4 19. cxd4 Qa3 20. Bb1 Nb6 21.
Ne5 Na4 22. Rde1 Nc3 23. Re3 Nxb1 24. Rxb1 Qd6 25. Rbe1 Rfd8 26. Rd3 f6 27. Ng4
Qf8 28. Rg3 Kh7 29. Rd3 Rc4 30. Ne3 Rc7 31. f3 Rdc8 32. Qb2 Qe8 33. Rb3 Qd7 34.
Rb1 Ba8 35. Rd1 Qe7 36. Rbd3 Rd8 37. Qb1 Kh8 38. Qb2 Rdc8 39. h3 b4 40. d5 exd5
41. exd5 Qd6 42. Qd4 Qc5 43. Qf4 Rd7 44. Kh1 Rcd8 45. d6 a5 46. Rd4 Qe5 47.
Qxe5 fxe5 48. R4d2 Rc8 49. Ng4 Rc5 50. Re1 Rd5 51. Red1 R7xd6 52. Rxd5 Rxd5 53.
Rc1 Bb7 54. Rc7 Rb5 55. Ne3 a4 56. Nf5 b3 57. axb3 axb3 58. Rc1 b2 59. Rb1 Bd5
60. Nd6 Rb6 0-1

[Event "17. OIBM Bad Wiessee"]
[Site "Bad Wiessee"]
[Date "2013.10.29"]
[Round "5.46"]
[White "Seickel, Ralf"]
[Black "Stockmann, Michael"]
[Result "0-1"]
[WhiteElo "2051"]
[BlackElo "2275"]
[PlyCount "90"]
[EventDate "2013.??.??"]
[BlackTeam "SF Schöneck"]

1. e4 c6 2. d4 d5 3. e5 Bf5 4. Nf3 e6 5. Be2 c5 6. O-O Nc6 7. Nbd2 a6 8. dxc5
Bxc5 9. Nb3 Bb6 10. c3 Nge7 11. Bg5 Bg4 12. Nfd4 Bxe2 13. Qxe2 Qc7 14. Bxe7
Nxe7 15. Kh1 O-O 16. f4 Rae8 17. Rac1 Nc6 18. Nxc6 Qxc6 19. c4 Qa4 20. c5 Ba7
21. Rf3 f6 22. g3 fxe5 23. Qxe5 Bb8 24. Qd4 Qxd4 25. Nxd4 e5 26. fxe5 Bxe5 27.
Rxf8+ Rxf8 28. Ne6 Re8 29. Nf4 Bxf4 30. gxf4 Kf7 31. c6 Rc8 32. c7 Ke6 33. Kg2
Kd6 34. Rd1 Rxc7 35. Rd2 a5 36. b3 Rc3 37. Kf2 b5 38. Kg2 g6 39. Kf2 a4 40.
bxa4 bxa4 41. Rb2 a3 42. Rb7 Rc2+ 43. Kg3 Rxa2 44. Rxh7 Ra1 45. Rg7 Rg1+ 0-1

[Event "17. OIBM Bad Wiessee"]
[Site "Bad Wiessee"]
[Date "2013.10.29"]
[Round "5.47"]
[White "Lorenz, Sascha"]
[Black "Brückel, Gerhard"]
[Result "1-0"]
[WhiteElo "2273"]
[BlackElo "2029"]
[PlyCount "75"]
[EventDate "2013.??.??"]
[WhiteTeam "SK König Tegel 1949 e.V."]
[BlackTeam "SF Forst 1971"]

1. c4 c5 2. g3 Nc6 3. Bg2 g6 4. Nc3 Bg7 5. a3 Nf6 6. Nf3 O-O 7. O-O d6 8. d3
Bg4 9. h3 Bd7 10. Rb1 Rb8 11. b4 Qc8 12. bxc5 dxc5 13. Bf4 Nh5 14. Bxb8 Bxc3
15. Qc1 Ba5 16. Bf4 Bxh3 17. Kh2 Bxg2 18. Kxg2 Nd4 19. Nxd4 cxd4 20. Rb5 Bb6
21. f3 f5 22. c5 Bc7 23. Qc4+ Kg7 24. Qxd4+ Kf7 25. Bxc7 Qxc7 26. Qd5+ Kg7 27.
f4 Nf6 28. Qxb7 Qc8 29. c6 Nd5 30. Rc1 Ne3+ 31. Kf3 Ng4 32. Qd7 Qa8 33. Rb7 Rf7
34. Rcb1 Nf6 35. Rb8 Nxd7 36. Rxa8 Nb6 37. Rxb6 axb6 38. c7 1-0

[Event "17. OIBM Bad Wiessee"]
[Site "Bad Wiessee"]
[Date "2013.10.29"]
[Round "5.48"]
[White "Nuber, Korbinian"]
[Black "Oberhofer, Cédric"]
[Result "1/2-1/2"]
[WhiteElo "2270"]
[BlackElo "1911"]
[PlyCount "44"]
[EventDate "2013.??.??"]
[WhiteTeam "SC Dillingen"]
[BlackTeam "SC Bavaria Regensb.1881"]

1. e4 c5 2. b3 Nc6 3. Bb2 e6 4. Nc3 d6 5. Bb5 Bd7 6. d3 Nf6 7. f4 Be7 8. Nf3
Qc7 9. O-O O-O 10. a4 a6 11. Bxc6 Bxc6 12. Qe2 b6 13. e5 Nd7 14. Ne4 d5 15. Ng3
g6 16. h4 b5 17. axb5 axb5 18. h5 Rxa1 19. Rxa1 Ra8 20. Rxa8+ Bxa8 21. d4 c4
22. Qe1 Qa7 1/2-1/2

[Event "17. OIBM Bad Wiessee"]
[Site "Bad Wiessee"]
[Date "2013.10.29"]
[Round "5.49"]
[White "Strozewski, Frank"]
[Black "Kvetny, Mark"]
[Result "0-1"]
[WhiteElo "2028"]
[BlackElo "2265"]
[PlyCount "108"]
[EventDate "2013.??.??"]
[WhiteTeam "SV Erkenschwick 1923 e"]
[BlackTeam "Stuttgarter SF 1879"]

1. c4 c5 2. Nc3 Nf6 3. e4 Nc6 4. d3 e6 5. g3 d5 6. Bg2 d4 7. Na4 e5 8. Ne2 b5
9. cxb5 Qa5+ 10. Bd2 Qxb5 11. Nc1 Nb4 12. O-O Nxd3 13. Nxd3 Qxd3 14. Re1 Qb5
15. Bf1 Qc6 16. Rc1 Bd7 17. Nxc5 Bxc5 18. b4 Nxe4 19. Bg2 f5 20. Rxc5 Qf6 21.
Bg5 Nxg5 22. Rexe5+ Kf7 23. Qxd4 Rad8 24. Rcd5 Be6 25. f4 Bxd5 26. Bxd5+ Kg6
27. fxg5 Qb6 28. Qxb6+ axb6 29. Be6 Kxg5 30. Rxf5+ Kg6 31. g4 Rhf8 32. Rb5 Rd6
33. Bb3 Rf4 34. h3 Rd2 35. Be6 Kf6 36. Bb3 h6 37. Bg8 Rb2 38. Bb3 Rf3 39. Bc4
Rg3+ 40. Kf1 Rc3 41. Rxb6+ Kg5 42. Be2 Rxh3 43. Rb5+ Kf6 44. Rf5+ Ke7 45. Re5+
Kd6 46. Re4 Rh2 47. Rd4+ Ke5 48. Rd8 Rb1+ 49. Bd1 Rxa2 50. Ke1 Rxb4 51. Re8+
Kf6 52. Be2 Rb1+ 53. Kf2 Rbb2 54. Kf3 Rxe2 0-1

[Event "17. OIBM Bad Wiessee"]
[Site "Bad Wiessee"]
[Date "2013.10.29"]
[Round "5.50"]
[White "Forchert, Martin"]
[Black "Mann, Johannes"]
[Result "1/2-1/2"]
[WhiteElo "2398"]
[BlackElo "1910"]
[PlyCount "58"]
[EventDate "2013.??.??"]
[WhiteTeam "Bielefelder SK von 1883"]
[BlackTeam "SC Forchheim e.V."]

1. e4 c6 2. d4 d5 3. e5 Bf5 4. Be3 e6 5. Nd2 Nd7 6. Ngf3 Ne7 7. Nh4 Bg6 8. Be2
c5 9. c3 Nc6 10. Nxg6 hxg6 11. O-O Qb6 12. Nf3 cxd4 13. cxd4 Be7 14. Rb1 O-O
15. b4 Rfc8 16. a3 Qd8 17. Bd3 a6 18. Nd2 b5 19. Nb3 Nb6 20. Nc5 Nc4 21. Rb3 a5
22. Qg4 axb4 23. axb4 Ra2 24. Bc1 Bxc5 25. bxc5 Ra4 26. Bxg6 N4xe5 27. Bh7+
Kxh7 28. Qh5+ Kg8 29. dxe5 Rh4 1/2-1/2

[Event "17. OIBM Bad Wiessee"]
[Site "Bad Wiessee"]
[Date "2013.10.30"]
[Round "6.2"]
[White "Danin, Alexander"]
[Black "Nisipeanu, Liviu-Dieter"]
[Result "1/2-1/2"]
[WhiteElo "2589"]
[BlackElo "2674"]
[PlyCount "38"]
[EventDate "2013.??.??"]
[WhiteTeam "Bochumer SV 02"]
[BlackTeam "OSG Baden-Baden"]

1. e4 e5 2. Nf3 Nc6 3. d4 exd4 4. Nxd4 Nf6 5. Nxc6 bxc6 6. e5 Qe7 7. Qe2 Nd5 8.
c4 Nb6 9. Nd2 Qe6 10. b3 a5 11. Bb2 a4 12. g3 Bb4 13. Bg2 axb3 14. axb3 Rxa1+
15. Bxa1 O-O 16. O-O d5 17. Nf3 Qh6 18. Qc2 dxc4 19. bxc4 c5 1/2-1/2

[Event "17. OIBM Bad Wiessee"]
[Site "Bad Wiessee"]
[Date "2013.10.30"]
[Round "6.3"]
[White "Hunt, Adam"]
[Black "Romanov, Evgeny"]
[Result "0-1"]
[WhiteElo "2429"]
[BlackElo "2654"]
[PlyCount "58"]
[EventDate "2013.??.??"]
[WhiteTeam "Woodbridge School"]
[BlackTeam "SF Katernberg 1913 e.V"]

1. e4 e5 2. Nf3 Nc6 3. Bb5 g6 4. d4 exd4 5. Bg5 Be7 6. Bxe7 Qxe7 7. Bxc6 dxc6
8. Qxd4 Nf6 9. Nc3 Bg4 10. O-O-O Bxf3 11. gxf3 O-O 12. f4 Rfd8 13. Qe3 b6 14.
f5 Rxd1+ 15. Rxd1 Re8 16. f3 Qe5 17. fxg6 hxg6 18. Rd2 Nd5 19. Qd4 Nxc3 20.
Qxc3 Qg5 21. h4 Qf4 22. Kd1 c5 23. h5 gxh5 24. Rd5 h4 25. Rh5 Rd8+ 26. Ke2 Qh2+
27. Ke3 Qg1+ 28. Ke2 Rd4 29. Qe1 Rxe4+ 0-1

[Event "17. OIBM Bad Wiessee"]
[Site "Bad Wiessee"]
[Date "2013.10.30"]
[Round "6.4"]
[White "Nyzhnyk, Illya"]
[Black "Bromberger, Stefan"]
[Result "1-0"]
[WhiteElo "2625"]
[BlackElo "2521"]
[PlyCount "77"]
[EventDate "2013.??.??"]
[WhiteTeam "SG Porz e.V."]
[BlackTeam "MSA Zugzwang 82 e.V."]

1. d4 Nf6 2. c4 g6 3. Nf3 Bg7 4. g3 O-O 5. Bg2 d6 6. O-O c5 7. Nc3 Nc6 8. dxc5
dxc5 9. Be3 Qa5 10. Qb3 Bd7 11. a3 Rfd8 12. Rfd1 Be8 13. Qb5 b6 14. Nd2 Rac8
15. Bxc6 Rxc6 16. Qxa5 bxa5 17. Nb3 Rb8 18. Nxa5 Ra6 19. b4 cxb4 20. axb4 Rxb4
21. Bd4 Rb8 22. c5 Nd7 23. c6 Bxd4 24. Rxd4 Ne5 25. c7 Rc8 26. Rd8 Rxc7 27.
Rxe8+ Kg7 28. Ne4 Nc6 29. Nb3 Rxa1+ 30. Nxa1 Na5 31. Kg2 Rc1 32. Rxe7 Rxa1 33.
Rxa7 Nb3 34. Rd7 Ra3 35. Nd6 Nd4 36. Nxf7 Nxe2 37. Ng5+ Kf6 38. Nxh7+ Ke6 39.
Rg7 1-0

[Event "17. OIBM Bad Wiessee"]
[Site "Bad Wiessee"]
[Date "2013.10.30"]
[Round "6.5"]
[White "Rozentalis, Eduardas"]
[Black "Poetsch, Hagen"]
[Result "1-0"]
[WhiteElo "2616"]
[BlackElo "2472"]
[PlyCount "73"]
[EventDate "2013.??.??"]
[BlackTeam "Sfr. Schöneck"]

1. e4 e6 2. d4 d5 3. Nc3 Nf6 4. Bg5 dxe4 5. Nxe4 Be7 6. Bxf6 gxf6 7. Qd2 a6 8.
g3 Nc6 9. Ne2 e5 10. d5 Nd4 11. Nxd4 Qxd5 12. Bg2 Qxd4 13. Qh6 f5 14. Qg7 Rf8
15. Nc3 Bc5 16. O-O e4 17. Qg5 Be7 18. Qh5 Be6 19. Rad1 Qc5 20. Qxh7 Bf6 21.
Nd5 Bxb2 22. Nf4 Bc4 23. Ng6 Bxf1 24. Nxf8 Bxg2 25. Ng6 fxg6 26. Rd7 Bg7 27.
Qxg7 Qf8 28. Qh7 e3 29. Kxg2 Qf6 30. Rxc7 Kf8 31. Qh6+ Kg8 32. Qh7+ Kf8 33.
Qh6+ Kg8 34. Qxe3 b5 35. h4 Rd8 36. Qh6 f4 37. gxf4 1-0

[Event "17. OIBM Bad Wiessee"]
[Site "Bad Wiessee"]
[Date "2013.10.30"]
[Round "6.7"]
[White "Weber, Ulrich"]
[Black "Kempinski, Robert"]
[Result "1/2-1/2"]
[WhiteElo "2423"]
[BlackElo "2585"]
[PlyCount "65"]
[EventDate "2013.??.??"]
[WhiteTeam "SV 1920 Hofheim"]
[BlackTeam "Hamburger SK von 1830 eV"]

1. c4 Nf6 2. g3 e5 3. Bg2 c6 4. d4 exd4 5. Qxd4 d5 6. Nf3 Be6 7. O-O dxc4 8.
Qxd8+ Kxd8 9. Ng5 Nbd7 10. Nxe6+ fxe6 11. Rd1 Ke8 12. Nd2 Ne5 13. Ne4 Nxe4 14.
Bxe4 Be7 15. Bf4 Nd7 16. Rdc1 Nb6 17. a4 a5 18. Be3 Ra6 19. Ra2 Bf6 20. Bxb6
Rxb6 21. Rxc4 Kf7 22. Rc2 Rd8 23. Bd3 Rb4 24. Bc4 h6 25. e3 Rd1+ 26. Kg2 Rb1
27. b3 Rd1 28. f4 Ke7 29. e4 Bd4 30. Rd2 Rxd2+ 31. Rxd2 e5 32. Rc2 Kd7 33. f5
1/2-1/2